000 00962nam a2200253Ia 4500
003 OSt
005 20220923224241.0
006 a|||||r|||| 00| 0
007 ta
008 220922b |||||||| |||| 00| 0 ben d
024 _a230,059
037 _cTextual
040 _aARTS
_cARTS
_bben
041 _2ben
_aben
082 _aO157,3N26x, 152P3
100 _aमहाश्वेता देवी; गुप्ता, सुशील, अनु.
245 0 _aभारतवर्ष तथा अन्य कहानियां
246 _aBhāratavarṣha tathā anya kahāniyāan
260 _aपंचकूला
_b आधार प्रकाशन
_c2003
300 _a159पृ0
_ccm.
650 _aबंगाली साहित्य
_9156264
942 _hO157,3N26x, 152P3
_cTEXL
_2CC
999 _c370203
_d370203